000 00754nam a22001817a 4500
999 _c80941
_d80941
008 201130b ||||| |||| 00| 0 eng d
040 _bger
_cDE-2950
_erda
_aDE-2950
041 _ager
100 _aMahlke, Lisa:
245 _aWann bekommt Frankfurt ein evangelisches Gymnasium?
_bBildung: Seit Jahren wird über eine weiterführende christliche Schule in der Stadt gesprochen. Doch konkret wird es auch 17 Jahre nach der ersten Idee nicht /
_cLisa Mahlke
653 _aFrankfurt (Oder)
653 _aSchulen
773 _dFrankfurt (Oder): Märkisches Verlags- und Druckhaus GmbH & Co KG
_g32. Jahrgang (2021) Nr. 88 vom 16.04.2021, S. 13
_tMärkische Oderzeitung
942 _cA